Apprendre coréen jours + mois - Statistiques

Statistiques générales
  • Ce quiz a été pris 37 fois
  • Le résultat moyen est 12 sur 19
Statistiques - réponses
Français Coréen / 한국인 % Correct
Dimanche Il-yo-il / 일요일
86%
Vendredi Geum-yo-il / 금요일
81%
Samedi To-yo-il / 토요일
81%
Mercredi Su-yo-il / 수요일
71%
Lundi Wol-yo-il / 월요일
71%
Septembre Gu-wol / 9월
62%
Mardi Hwa-yo-il / 화요일
62%
Janvier Il-wol / 1월
62%
Février I-wol / 2월
62%
Jeudi Mok-yo-il / 목요일
62%
Mai O-wol / 5월
62%
Août Pal-wol / 8월
62%
Mars Sam-wol / 3월
62%
Avril Sa-wol / 4월
62%
Juillet Chil-wol / 7월
52%
Juin Yu-wol / 6월
52%
Novembre Sip-il-wol / 11월
38%
Décembre Sip-i-wol / 12월
38%
Octobre Gorgée-wol / 10월
33%
Aucun quiz correspondant
Distribution des résultats
% des personnes avec chaque résultat
Percentile par nombre de réponses
Votre historique - résultats
Vous n’avez pas pris ce quiz